000 00435cam a22001337a 4500
008 180718b2001 xxu||||| |||| 00| 0 eng d
020 _a9221113868
082 _aB142 W842
245 _aWomen, gender and work: what is equality and how do we get there
_cedited by Martha Fetherolf Loutfi
260 _aGeneva
_bInternational Labour Office
_c2001
300 _a565+p.
650 _aWomen - Employment
700 _aLoutfi, Martha Fetherolf
999 _c490599
_d490599